Loading...

P G Samvadathinte thuranna pusthakam /

Bibliographic Details
Main Author: Ashokan, C.
Format: Printed Book
Published: Trivandrum : Chintha publicartions, 2014.
Subjects:
LEADER 00500nam a22001457a 4500
020 |a 9383903988 
082 |a 320.092  |b ASH.P 
100 |a Ashokan, C. 
245 |a P G Samvadathinte thuranna pusthakam /  |c by C Ashokan. 
260 |a Trivandrum :  |b Chintha publicartions,  |c 2014. 
300 |a 72 p. 
650 |a political situation 
942 |c BK 
999 |c 316004  |d 316004 
952 |0 0  |1 0  |4 0  |6 320_092000000000000_ASH_P  |7 0  |8 MAL  |9 337996  |a POL  |b POL  |c GEN  |d 2020-12-02  |l 0  |o 320.092 ASH.P  |p POL21044  |r 2020-12-02  |w 2020-12-02  |y BK